All Valorant Maps by release patch - Statistics

General Stats
  • This quiz has been taken 15 times
  • The average score is 11 of 19
Answer Stats
Hint Answer % Correct
1.0 Ascent
88%
Beta Bind
75%
2.08 Breeze
75%
11.00 Corrode
75%
Beta Haven
75%
1.10 Icebox
75%
3.05 Fracture
63%
6.0 Lotus
63%
5.0 Pearl
63%
Beta Split
63%
7.04 Sunset
63%
8.11 Abyss
50%
9.08 Glitch
50%
7.0 Kasbah
38%
7.0 Piazza
38%
11.07 Skirmish
38%
Beta The Range
38%
7.0 District
25%
7.12 Drift
25%
No matching quizzes found
Score Distribution
Percent of People with Each Score
Percentile by Number Answered
Your Score History
You have not taken this quiz